| 000 | 00799nam a22001577a 4500 | ||
|---|---|---|---|
| 003 | OSt | ||
| 005 | 20151003160433.0 | ||
| 008 | 150913b xxu||||| |||| 00| 0 eng d | ||
| 040 | _cRUA | ||
| 082 | _aAGR SAN 1998 B020 Or.1 | ||
| 100 |
_9412 _aSANG, SILENG. |
||
| 245 | _aការសិក្សាបីប្រសិទ្ធភាពជី អិន.ប៉េ.កា ក្នុងកំរិតផ្សេងគ្នានៅលើដំណាំប៉េងប៉ោះក្នុងលក្ខខ័ណ្ឌស្រុកកៀនស្វាយខេត្តកណ្តាល (a field study of the effect of different rates of n.p.k applications on tomato in kiensvay district, kandal province) | ||
| 260 |
_aPhnom Penh _bRUA _c1998 |
||
| 300 |
_a52p. _bill. _c29cm. |
||
| 942 |
_2ddc _cAGR |
||
| 999 |
_c391 _d391 |
||